书目信息 |
| 题名: |
走向一流的历史轨迹
|
|
| 作者: | 赵卫平 编 | |
| 分册: | 外国卷之一 | |
| 出版信息: | 杭州 浙江大学出版社 2015.09 |
|
| 页数: | 523页 | |
| 开本: | 25cm | |
| 丛书名: | ||
| 单 册: | ||
| 中图分类: | G647.12-53 | |
| 科图分类: | ||
| 主题词: | 高等学校--校长--学校管理--世界--文集 | |
| 电子资源: | ||
| ISBN: | 978-7-308-14767-5 | |
| 000 | 01202nam0 2200277 450 | |
| 001 | 0120151674554 | |
| 005 | 20160512150956.40 | |
| 010 | @a978-7-308-14767-5@dCNY95.00 | |
| 100 | @a20151009d2015 em y0chiy50 ea | |
| 101 | 0 | @achi |
| 102 | @aCN@b330000 | |
| 105 | @ay z 001yy | |
| 106 | @ar | |
| 200 | 1 | @a走向一流的历史轨迹@9zou xiang yi liu de li shi gui ji@e中外著名大学校长治校理念与办学制度文献选编@i外国卷之一@f赵卫平编 |
| 210 | @a杭州@c浙江大学出版社@d2015.09 | |
| 215 | @a523页@d25cm | |
| 300 | @a本书系浙江大学“211工程”第三期专项经费资助项目 中央高校基本科研业务费专项资金资助 | |
| 304 | @a英文共同题名:The course of history towards the first rate | |
| 330 | @a本书主要内容包括:洪堡 论柏林高等学术机构的内部和外部组织(节选);纽曼 大学的理念(节选);埃利奥特 哈佛大学校长的就职演说(1869年10月19日)等。 | |
| 333 | @a教育管理者 | |
| 517 | 1 | @a中外著名大学校长治校理念与办学制度文献选编@9zhong wai zhu ming da xue xiao zhang zhi xiao li nian yu ban xue zhi du wen xian xuan bian |
| 606 | 0 | @a高等学校@x校长@x学校管理@y世界@j文集 |
| 690 | @aG647.12-53@v5 | |
| 701 | 0 | @a赵卫平@9zhao wei ping@4编 |
| 801 | 0 | @aCN@b人天书店@c20151009 |
| 905 | @b875878-83@dG647.12-53@e715@f6 | |
| 走向一流的历史轨迹:中外著名大学校长治校理念与办学制度文献选编.外国卷之一/赵卫平编.-杭州:浙江大学出版社,2015.09 |
| 523页;25cm |
| 本书系浙江大学“211工程”第三期专项经费资助项目 中央高校基本科研业务费专项资金资助.-使用对象:教育管理者 |
| ISBN 978-7-308-14767-5:CNY95.00 |
| 本书主要内容包括:洪堡 论柏林高等学术机构的内部和外部组织(节选);纽曼 大学的理念(节选);埃利奥特 哈佛大学校长的就职演说(1869年10月19日)等。 |
| ● |
| 相关链接 |
|
|
|
|
正题名:走向一流的历史轨迹
索取号:G647.12-53/715
 
预约/预借
| 序号 | 登录号 | 条形码 | 馆藏地/架位号 | 状态 | 备注 |
| 1 | 875878 | 208758780 | 第一样本阅览室/ [索取号:G647.12-53/715] | 在馆 | |
| 2 | 875879 | 208758799 | 教育系资料室/ [索取号:G647.12-53/715] | 在馆 | |
| 3 | 875880 | 208758806 | 教育系资料室/ [索取号:G647.12-53/715] | 在馆 | |
| 4 | 875881 | 208758815 | 教育系资料室/ [索取号:G647.12-53/715] | 在馆 | |
| 5 | 875882 | 208758824 | 第四借阅区/ [索取号:G647.12-53/715] | 在馆 | |
| 6 | 875883 | 208758833 | 第四借阅区/ [索取号:G647.12-53/715] | 在馆 |